Gravitational lensing (Record no. 14432)

MARC details
000 -LEADER
fixed length control field 00774nam a2200205Ia 4500
003 - CONTROL NUMBER IDENTIFIER
control field IN-BaIIA
008 - FIXED-LENGTH DATA ELEMENTS--GENERAL INFORMATION
fixed length control field 211028s9999 xx 000 0 eng d
020 ## - INTERNATIONAL STANDARD BOOK NUMBER
International Standard Book Number 1-58381-074-9
040 ## - CATALOGING SOURCE
Transcribing agency IIA Library
080 ## - UNIVERSAL DECIMAL CLASSIFICATION NUMBER
Universal Decimal Classification number 082.2:52
Item number ASP-237
111 ## - MAIN ENTRY--MEETING NAME
Meeting name or jurisdiction name as entry element Conference on Gravitational Lensing
Location of meeting Massachusetts
Date of meeting or treaty signing 1999 July 25-30
9 (RLIN) 25622
245 #0 - TITLE STATEMENT
Title Gravitational lensing
Remainder of title recent progress and future goals; proceedings of conference held in Massachusetts, July 25-30, 1999
Statement of responsibility, etc. edited by T. G. Brainerd and C. S. Kochanek
260 ## - PUBLICATION, DISTRIBUTION, ETC.
Place of publication, distribution, etc. California
Name of publisher, distributor, etc. Astronomical Society of the Pacific
Date of publication, distribution, etc. 2001
300 ## - PHYSICAL DESCRIPTION
Extent xxi, 453p.
490 ## - SERIES STATEMENT
Series statement ASP conference series; v. 237
650 ## - SUBJECT ADDED ENTRY--TOPICAL TERM
Topical term or geographic name entry element Lens
9 (RLIN) 25623
700 ## - ADDED ENTRY--PERSONAL NAME
Personal name Brainerd, T. G., ed.
9 (RLIN) 25624
700 ## - ADDED ENTRY--PERSONAL NAME
Personal name Kochanek, C. S., ed.
9 (RLIN) 25625
942 ## - ADDED ENTRY ELEMENTS (KOHA)
Koha item type Books
Holdings
Withdrawn status Lost status Damaged status Not for loan Home library Current library Shelving location Date acquired Total Checkouts Full call number Barcode Date last seen Price effective from Koha item type
        IIA Library-Bangalore IIA Library-Bangalore General Stacks 27/12/2001   082.2:52/ ASP-237 15352 05/11/2021 27/12/2001 Books

Powered by Koha